| 000 | 03322ngm a2200697 a 4500 | ||
|---|---|---|---|
| 005 | 20260322212022.0 | ||
| 007 | data | ||
| 008 | data | ||
| 020 | _a079285120X | ||
| 020 | _a9780792851202 | ||
| 024 | 1 | _a027616868268 | |
| 028 | 4 | 2 |
_a1002626 _bMGM Home Entertainment |
| 040 |
_aTEF _cTEF _dCtY _dJED _dCtY |
||
| 041 | 1 |
_aengfrespa _heng _benffrespa |
|
| 099 | _aDVD 807 | ||
| 245 | 0 | 0 |
_aLegally blonde _h[videorecording] / _cMetro-Goldwyn-Mayer Pictures presents a Marc Platt production ; produced by Marc Platt, Ric Kidney ; screenplay by Karen McCullah Lutz & Kirsten Smith ; directed by Robert Luketic. |
| 250 | _aSpecial ed. | ||
| 260 |
_a[United States] : _bMGM Home Entertainment, _cc2001. |
||
| 300 |
_a1 videodisc (95 min.) : _bsd., col. ; _c4 3/4 in. |
||
| 500 | _aOriginally produced as a motion picture in 2001. | ||
| 500 | _aSpecial features: 16 x 9 widescreen and "pan & scan" versions; deleted scenes with intorductions by director Robert Luketic; 2 featurettes; 2 audio commentary tracks with the director, Reese Witherspoon, and film crew; trivia track. | ||
| 508 | _aDirector of photograpy, Anthony B. Richmond ; editors, Anita Brandt Burgoyne, Garth Craven ; music Rolfe Kent ; costume designer, Sophie de Rakoff Carbonell ; production designer, Melissa Stewart. | ||
| 511 | 0 | _aReese Witherspoon, Luke Wilson, Selma Blair, Matthew Davis, Victor Garber, Jennifer Coolidge, Holland Taylor, Ali Larter. | |
| 520 | _aWhen a blonde sorority queen is dumped by her boyfriend, she decides to follow him to law school to get him back and, once there, learns she has more legal savvy than she ever imagined. | ||
| 521 | 8 | _aMPAA rating: PG-13. | |
| 538 | _aDVD, Dolby 5.1 surround sound, stereo. surround sound. | ||
| 546 | _aEnglish, French or Spanish soundtracks; English, French or Spanish subtitles. | ||
| 590 | _aCast: Reese Witherspoon, Luke Wilson, Selma Blair, Matthew Davis, Victor Garber, Jennifer Coolidge, Holland Taylor, Ali Larter. | ||
| 590 | _aIncludes special features. | ||
| 590 | _aMPAA rating: PG-13. | ||
| 590 | _aOriginally produced as a motion picture in 2001. | ||
| 592 | _aWhen a blonde sorority queen is dumped by her boyfriend, she decides to follow him to law school to get him back and, once there, learns she has more legal savvy than she ever imagined. | ||
| 610 | 2 | 0 |
_aHarvard University. _bSchool of Law _vDrama. |
| 650 | 0 |
_aLaw students _vDrama. |
|
| 650 | 0 | _aFeature films. | |
| 650 | 0 | _aVideo recordings. | |
| 650 | 0 |
_aComedy films. _2lcsh |
|
| 650 | 0 |
_aVideo recordings for the hearing impaired. _2lcsh |
|
| 700 | 1 | _aPlatt, Marc E. | |
| 700 | 1 | _aKidney, Ric. | |
| 700 | 1 | _aLutz, Karen McCullah. | |
| 700 | 1 | _aSmith, Kirsten. | |
| 700 | 1 | _aLuketic, Robert. | |
| 700 | 1 |
_aWitherspoon, Reese, _d1976- |
|
| 700 | 1 |
_aWilson, Luke, _d1971- |
|
| 700 | 1 | _aBlair, Selma. | |
| 700 | 1 |
_aDavis, Matthew, _d1978- |
|
| 700 | 1 | _aGarber, Victor. | |
| 700 | 1 | _aCoolidge, Jennifer. | |
| 700 | 1 | _aTaylor, Holland. | |
| 700 | 1 | _aLarter, Ali. | |
| 700 | 1 | _aRichmond, Anthony B. | |
| 700 | 1 | _aBrandt Burgoyne, Anita. | |
| 700 | 1 | _aCraven, Garth. | |
| 700 | 1 | _aKent, Rolfe. | |
| 700 | 1 | _aCarbonell, Sophie de Rakoff. | |
| 700 | 1 | _aStewart, Melissa. | |
| 710 | 2 | _aMetro-Goldwyn-Mayer. | |
| 710 | 2 | _aMGM Home Entertainment Inc. | |
| 001 | data | ||
| 999 |
_c499 _d499 |
||